Compiler construction : an advanced course /
Guardado en:
| Otros Autores: | , |
|---|---|
| Formato: | Libro |
| Idioma: | English |
| Publicado: |
New York :
Springer-Verlag,
1976.
|
| Edición: | 2nd ed. |
| Series: | Lecture notes in computer science ;
21 |
| Materias: | |
| Etiquetas: |
Agregar Etiqueta
Sin Etiquetas, Sea el primero en etiquetar este registro!
|
| LEADER | 02267cam a2200277 a 4500 | ||
|---|---|---|---|
| 001 | MAT.inmabb002938 | ||
| 008 | 760127s1976####nyua#####b####000#0#eng## | ||
| 005 | 20130410125314.0 | ||
| 245 | 0 | 0 | |a Compiler construction : |b an advanced course / |c F. L. Bauer ... [et al.] ; edited by F. L. Bauer and J. Eickel. |
| 250 | |a 2nd ed. | ||
| 260 | |a New York : |b Springer-Verlag, |c 1976. | ||
| 300 | |a xiv, 638 p. : |b il. ; |c 25 cm. | ||
| 500 | |a Originally published in the series: Lecture notes in computer science ; v. 21. | ||
| 504 | |a Incluye referencias bibliográficas. | ||
| 505 | 0 | |a Chapter 1. Introduction: W. M. McKeeman, Compiler construction -- Chapter 2. Analysis: F. L. DeRemer, Review of formalisms and notation -- M. Griffiths, $ text{LL}(1)$ grammars and analysers -- J. J. Horning, LR grammars and analysers -- F. L. DeRemer, Lexical analysis -- F. L. DeRemer, Transformational grammars -- C. H. A. Koster, Two-level grammars -- W. M. Waite, Semantic analysis -- Chapter 3. Synthesis: W. M. Waite, Relationship of languages to machines -- M. Griffiths, Run-time storage management -- U. Hill, Special run-time organization techniques for ALGOL 68 -- W. M. McKeeman, Symbol table access -- W. M. Waite, Code generation -- W. M. Waite, Assembly and linkage -- Chapter 4. Compiler-compiler: M. Griffiths, Introduction to compiler-compilers -- C. H. A. Koster, Using the $CDL$ compiler-compiler -- Chapter 5. Engineering a compiler: P. C. Poole, Portable and adaptable compilers -- J. J. Horning, Structuring compiler development -- W. M. McKeeman, Programming language design -- J. J. Horning, What the compiler should tell the user -- W. M. Waite, Optimization -- Chapter 6. Appendix: F. L. Bauer, Historical remarks on compiler construction -- A. P. Ershov [Er v sov, A. P.], Addendum -- D. Gries, Error recovery and correction -- An introduction to the literature. | |
| 510 | 4 | |a MR, |c 56 #1763 | |
| 020 | |z 0387080460 (U.S.) | ||
| 020 | |z 0387075429 | ||
| 700 | 1 | |a Bauer, Friedrich Ludwig, |d 1924- |4 edt | |
| 700 | 1 | |a Eickel, J., |d 1935- |4 edt | |
| 830 | 0 | |a Lecture notes in computer science ; |v 21 | |
| 650 | 0 | |a Compilers (Computer programs) | |
| 084 | |a 68N20 |2 msc2000 | ||
| 010 | |a 76002615 | ||
| 040 | |a DLC |c DLC |d DLC | ||
| 859 | |h 68 |i C737 |p A-4853 |b BIB. MATEMATICA | ||
